Statistics for 50 State Capitals

Click here to take the quiz!

General Stats

  • This quiz has been taken 12 times
  • The average score is 39 of 50

Answer Stats

StateCapital% Correct
GeorgiaAtlanta
100%
New YorkAlbany
90%
LouisianaBaton Rouge
90%
MassachusettsBoston
90%
NevadaCarson City
90%
ColoradoDenver
90%
DelawareDover
90%
HawaiiHonolulu
90%
MississippiJackson
90%
MissouriJefferson City
90%
AlaskaJuneau
90%
OklahomaOklahoma City
90%
Rhode IslandProvidence
90%
OregonSalem
90%
IllinoisSpringfield
90%
FloridaTallahassee
90%
MarylandAnnapolis
80%
TexasAustin
80%
IdahoBoise
80%
West VirginiaCharleston
80%
OhioColumbus
80%
IowaDes Moines
80%
PennsylvaniaHarrisburg
80%
MontanaHelena
80%
IndianaIndianapolis
80%
MichiganLansing
80%
NebraskaLincoln
80%
ArkansasLittle Rock
80%
ArizonaPhoenix
80%
CaliforniaSacramento
80%
UtahSalt Lake City
80%
New MexicoSanta Fe
80%
MinnesotaSt. Paul
80%
KansasTopeka
80%
MaineAugusta
70%
New HampshireConcord
70%
KentuckyFrankfort
70%
ConnecticutHartford
70%
AlabamaMontgomery
70%
TennesseeNashville
70%
WashingtonOlympia
70%
South DakotaPierre
70%
North CarolinaRaleigh
70%
VirginiaRichmond
70%
New JerseyTrenton
70%
North DakotaBismarck
50%
WyomingCheyenne
50%
South CarolinaColumbia
50%
WisconsinMadison
50%
VermontMontpelier
50%

Score Distribution

Percentile by Number Answered

Percent of People with Each Score

Your Score History

You have not taken this quiz